Najlepsze kluby piłkarskie z każdego województwa - Statystyki

Ogólne statystyki
  • Ten quiz został rozwiązany 756 razy
  • Średni wynik to 10 z 16
Statystyki odpowiedzi
województwo liga i pozycja klub % Poprawnych
mazowieckie Ekstraklasa, 2. Legia Warszawa
93%
wielkopolskie Ekstraklasa, 8. Lech Poznań
87%
pomorskie Ekstraklasa, 3. Lechia Gdańsk
78%
zachodniopomorskie Ekstraklasa, 7. Pogoń Szczecin
77%
łódzkie I liga, 2. ŁKS Łódź
76%
podlaskie Ekstraklasa, 5. Jagiellonia Białystok
74%
małopolskie Ekstraklasa, 4. Cracovia
72%
świętokrzyskie Ekstraklasa, 10. Korona Kielce
66%
opolskie I liga, 12. Odra Opole
63%
dolnośląskie Ekstraklasa, 6. Zagłębie Lubin
62%
śląskie Ekstraklasa, 1. Piast Gliwice
58%
warmińsko-mazurskie I liga, 11. Stomil Olsztyn
47%
podkarpackie I liga, 3. Stal Mielec
46%
lubelskie II liga, 9. Górnik Łęczna
31%
kujawsko-pomorskie II liga, 2. Olimpia Grudziądz
23%
lubuskie III liga (gr. III), 14. Warta Gorzów Wlkp.
9%
Nie znaleziono quizów pasujących do podanych kryteriów
Rozkład punktacji
Procent ludzi z każdym wynikiem
Percentyl według liczby udzielonych odpowiedzi
Twoja historia wyników
Nie rozwiązałeś tego quizu